[Event "European Youth Chess Championship B14"]
[Site "Prague, Top Hotel Prague"]
[Date "2012.08.19"]
[Round "3.46"]
[White "Abramciuc, Marius"]
[Black "Cach, Jakub"]
[Result "1/2-1/2"]
[WhiteElo "1990"]
[BlackElo "1596"]
[PlyCount "93"]
[EventDate "2012.08.17"]

1. e4 e5 2. Nf3 Nc6 3. Bb5 Bc5 4. O-O Nf6 5. Nc3 d6 6. d3 Be6 7. Be3 Bb6 8. Qd2
O-O 9. Bg5 h6 10. Bh4 Nd4 11. Nxd4 Bxd4 12. Bg3 Nh5 13. Ba4 f5 14. exf5 Rxf5
15. Nd1 Nxg3 16. hxg3 Qg5 17. Qxg5 Rxg5 18. c3 Bb6 19. Kh2 Rf8 20. Ne3 Rxf2 21.
Rxf2 Bxe3 22. Raf1 Bxf2 23. Rxf2 Rf5 24. Rxf5 Bxf5 25. Bc2 Kf7 26. Kg1 Kf6 27.
Kf2 Kg5 28. Ke3 Kg4 29. Kf2 d5 30. Bd1+ Kg5 31. Ke3 Bg4 32. Bb3 c6 33. a3 Bf5
34. Bd1 e4 35. d4 Bg4 36. Bb3 Be6 37. Bd1 Kf5 38. Be2 Kf6 39. Bd1 g5 40. Be2
Ke7 41. g4 Kd6 42. g3 Bd7 43. Bd1 c5 44. Be2 b5 45. b4 cxb4 46. cxb4 a6 47. Bd1
1/2-1/2

[Event "European Youth Chess Championship B14"]
[Site "Prague, Top Hotel Prague"]
[Date "2012.08.19"]
[Round "3.47"]
[White "Marek, Matyas"]
[Black "Liebert, Erwin"]
[Result "1-0"]
[WhiteElo "1975"]
[BlackElo "1566"]
[PlyCount "73"]
[EventDate "2012.08.17"]

1. d4 d5 2. c4 c6 3. Nc3 e5 4. e3 e4 5. Qb3 Nf6 6. f3 Be7 7. fxe4 dxe4 8. Nge2
Bd6 9. g3 O-O 10. Bg2 Qe7 11. O-O b6 12. Qc2 Bg4 13. Nf4 Re8 14. Bd2 Na6 15. a3
Nc7 16. Nh3 Bh5 17. b4 Qe6 18. c5 Bf8 19. Nf4 Qg4 20. Nxe4 Nxe4 21. Bxe4 Nd5
22. Bxh7+ Kh8 23. Bf5 Qg5 24. e4 Nxf4 25. Bxf4 Qf6 26. Be5 Qd8 27. g4 f6 28.
Bd6 Bf7 29. e5 Bxd6 30. exd6 Bd5 31. Qf2 Kg8 32. Qh4 Re2 33. Rf2 Qe7 34. Qh7+
Kf8 35. Qh8+ Bg8 36. Bh7 Re1+ 37. Kg2 1-0

[Event "European Youth Chess Championship B14"]
[Site "Prague, Top Hotel Prague"]
[Date "2012.08.19"]
[Round "3.50"]
[White "Martins, Guilherme Pires Tava"]
[Black "Johannesson, Oliver"]
[Result "1-0"]
[WhiteElo "1761"]
[BlackElo "2047"]
[PlyCount "43"]
[EventDate "2012.08.17"]

1. e4 c5 2. Nf3 e6 3. g3 Nc6 4. Bg2 g6 5. d4 Bg7 6. d5 Nce7 7. O-O Nf6 8. Nc3
d6 9. dxe6 fxe6 10. e5 Nfd5 11. Ne4 dxe5 12. c4 b6 13. Bg5 Bb7 14. cxd5 exd5
15. Nf6+ Kf7 16. Nxe5+ Kf8 17. Qf3 Nf5 18. Nfd7+ Ke8 19. Bxd8 Kxd8 20. Rad1 Nd4
21. Qf7 Nf5 22. Nxc5 1-0

[Event "European Youth Chess Championship B14"]
[Site "Prague, Top Hotel Prague"]
[Date "2012.08.19"]
[Round "3.51"]
[White "Afanaskin, Igor"]
[Black "Simo, Marian"]
[Result "1/2-1/2"]
[WhiteElo "2029"]
[BlackElo "1760"]
[PlyCount "61"]
[EventDate "2012.08.17"]

1. e4 c6 2. d4 d5 3. exd5 cxd5 4. Bd3 Nf6 5. c3 Nc6 6. Bf4 g6 7. Nf3 Bg7 8.
Nbd2 O-O 9. O-O Bg4 10. h3 Bxf3 11. Nxf3 e6 12. Re1 Nd7 13. Qd2 Qb6 14. h4 Na5
15. b3 Rac8 16. Rac1 a6 17. h5 Rce8 18. g3 Nc6 19. Ne5 Ndxe5 20. dxe5 Qc7 21.
Qe2 Qe7 22. hxg6 fxg6 23. Qg4 Qc7 24. Qg5 Qa5 25. Bd2 Qb6 26. Bf4 Qa5 27. Bd2
Qb6 28. Be3 Qa5 29. Bd2 Qb6 30. Bf4 Qa5 31. Bd2 1/2-1/2

[Event "European Youth Chess Championship B14"]
[Site "Prague, Top Hotel Prague"]
[Date "2012.08.19"]
[Round "3.52"]
[White "Musiienko, Danylo"]
[Black "Suleymanli, Ramazan"]
[Result "1-0"]
[WhiteElo "2004"]
[BlackElo "1750"]
[PlyCount "119"]
[EventDate "2012.08.17"]

1. d4 d5 2. Nf3 Nf6 3. c4 c6 4. e3 e6 5. Nbd2 Nbd7 6. Bd3 Bd6 7. e4 e5 8. exd5
cxd5 9. cxd5 O-O 10. O-O exd4 11. Nxd4 Nc5 12. Bc4 a6 13. a4 Bc7 14. b4 Qd6 15.
g3 Ncd7 16. Ba3 Qb6 17. Nf5 Be5 18. a5 Qd8 19. Rc1 b5 20. Ba2 Nb6 21. Ne3 Nbxd5
22. Nxd5 Nxd5 23. Nf3 Nc3 24. Bxf7+ Kh8 25. Qxd8 Rxd8 26. Nxe5 Ne2+ 27. Kg2
Bb7+ 28. f3 Nxc1 29. Bxc1 Rd4 30. Ba3 Rc8 31. Rf2 Bd5 32. Bb2 Rd1 33. Bxd5 Rxd5
34. Re2 Rd1 35. Ng4 h5 36. Nf2 Rb1 37. Ne4 Rc4 38. Ng5 Rc8 39. Ne6 Rc4 40. Ng5
Rc8 41. Ne6 Rc4 42. Bxg7+ Kg8 43. Bf8 h4 44. Bc5 Kf7 45. Nc7 Rbc1 46. Nxa6 R1c2
47. Rf2 h3+ 48. Kxh3 Rxc5 49. Nxc5 Rxf2 50. f4 Ke7 51. a6 Kd8 52. a7 Ra2 53.
Nb7+ Kc7 54. Na5 Rxa5 55. bxa5 Kb7 56. f5 b4 57. f6 b3 58. f7 b2 59. f8=Q b1=Q
60. a8=Q+ 1-0

[Event "European Youth Chess Championship B14"]
[Site "Prague, Top Hotel Prague"]
[Date "2012.08.19"]
[Round "3.53"]
[White "Vangsgaard, Bjarke"]
[Black "Kavon, Rastislav"]
[Result "0-1"]
[WhiteElo "1780"]
[BlackElo "1959"]
[PlyCount "58"]
[EventDate "2012.08.17"]

1. d4 Nf6 2. Bf4 d5 3. e3 e6 4. h3 Be7 5. Nf3 O-O 6. Bd3 b6 7. Nbd2 Bb7 8. c3
c5 9. Qb1 Nc6 10. Ne5 h6 11. Ndf3 a6 12. Nxc6 Bxc6 13. Ne5 Bb7 14. g4 cxd4 15.
exd4 b5 16. b3 b4 17. Rg1 Rc8 18. g5 hxg5 19. Bxg5 Nh5 20. h4 Bxg5 21. Rxg5 Nf4
22. Bh7+ Kh8 23. cxb4 f6 24. Ng6+ Nxg6 25. Rxg6 Kxh7 26. Rxf6+ Kg8 27. Rxf8+
Qxf8 28. a3 Qf3 29. Qg6 Qh1+ 0-1

[Event "European Youth Chess Championship B14"]
[Site "Prague, Top Hotel Prague"]
[Date "2012.08.19"]
[Round "3.54"]
[White "Shahaliyev, Ismayil"]
[Black "Hadzialic, Benjamin"]
[Result "1/2-1/2"]
[WhiteElo "1954"]
[BlackElo "1745"]
[Annotator ",Microsoft"]
[PlyCount "82"]
[EventDate "2012.08.17"]

1. b3 d5 2. Bb2 e6 3. e3 Nf6 4. Nf3 Be7 5. c4 O-O 6. d3 b6 7. Nbd2 Bb7 8. Be2
c5 9. O-O Nc6 10. Rc1 dxc4 11. Nxc4 Rc8 12. a3 Qc7 13. Qc2 Rfd8 14. Rfd1 h6 15.
Qb1 b5 16. Nce5 Nxe5 17. Nxe5 Bd5 18. b4 Qb7 19. bxc5 Bxc5 20. e4 Bb3 21. Rf1
a5 22. Nf3 a4 23. Bd1 Bxd1 24. Rfxd1 b4 25. Bxf6 gxf6 26. Rc4 b3 27. Rxa4 Ra8
28. Rc4 Bxa3 29. Nd2 Rdb8 30. Kf1 Bd6 31. Rc3 b2 32. Qc2 Be5 33. Rb3 Qa7 34.
Rb1 Rxb3 35. Nxb3 Qa4 36. d4 Bxd4 37. Nxd4 Qxd4 38. Rxb2 Ra1+ 39. Rb1 Ra4 40.
Re1 Rc4 41. Qe2 Rb4 $11 1/2-1/2

[Event "European Youth Chess Championship B14"]
[Site "Prague, Top Hotel Prague"]
[Date "2012.08.19"]
[Round "3.55"]
[White "Lopez Popov, Ivan"]
[Black "Spacek, Oliver"]
[Result "1/2-1/2"]
[WhiteElo "1719"]
[BlackElo "1945"]
[PlyCount "81"]
[EventDate "2012.08.17"]

1. e4 c5 2. Nc3 Nc6 3. g3 a6 4. Bg2 b5 5. d3 Bb7 6. Be3 d6 7. f4 g6 8. Nf3 Bg7
9. O-O Nf6 10. h3 Nd7 11. f5 Nde5 12. fxg6 hxg6 13. Ng5 e6 14. h4 Qe7 15. Bh3
Nd4 16. Ne2 f6 17. Nxd4 cxd4 18. Nxe6 dxe3 19. d4 Nc4 20. Qg4 Rh6 21. b3 e2 22.
Rf2 Ne3 23. Nxg7+ Kf7 24. Qf4 Nxc2 25. Qxh6 Nxa1 26. Rxe2 Bc8 27. Qh7 Kf8 28.
Qh8+ Kf7 29. Qh7 Kf8 30. Qh8+ Kf7 31. Qh7 Kf8 32. Qh8+ Kf7 33. Qh7 Kf8 34. Qh8+
Kf7 35. Qh7 Kf8 36. Qh8+ Kf7 37. Qh7 Kf8 38. Qh8+ Kf7 39. Qh7 Kf8 40. Qh8+ Kf7
41. Qh7 1/2-1/2

[Event "European Youth Chess Championship B14"]
[Site "Prague, Top Hotel Prague"]
[Date "2012.08.19"]
[Round "3.56"]
[White "Tuerlinckx, Ben"]
[Black "Bares, Jachym"]
[Result "1-0"]
[WhiteElo "1938"]
[BlackElo "1684"]
[PlyCount "165"]
[EventDate "2012.08.17"]

1. e4 e5 2. Nc3 Nc6 3. g3 Bc5 4. Bg2 d6 5. Na4 Bb6 6. Nxb6 axb6 7. Ne2 Nf6 8.
O-O O-O 9. c3 d5 10. exd5 Nxd5 11. d4 exd4 12. Nxd4 Nde7 13. Be3 Nxd4 14. Bxd4
Nc6 15. Be3 Be6 16. Qb1 Qf6 17. Be4 h6 18. Qc2 Rfd8 19. b3 Rd7 20. Rad1 Rad8
21. Rxd7 Rxd7 22. Bf4 Qd8 23. Re1 Qc8 24. Qe2 Ne7 25. Qf3 Bd5 26. c4 Bxe4 27.
Rxe4 Ng6 28. Qe2 Kf8 29. Bc1 Qd8 30. Ba3+ c5 31. Qf3 Rd2 32. Re2 Qd3 33. Qxd3
Rxd3 34. Kg2 Ne7 35. Bc1 Nc6 36. Bf4 Rd7 37. a3 Nd4 38. Rb2 b5 39. Be3 bxc4 40.
bxc4 Ne6 41. Rb5 Rc7 42. f4 f5 43. Kf3 h5 44. Ke2 Ke7 45. Kd3 Kd7 46. Rb6 Ke7
47. Kc3 Nf8 48. Kb3 Kf7 49. Rd6 Nd7 50. Ka4 b6 51. Kb5 Ke7 52. Rd5 g6 53. Rd1
Ke6 54. Bc1 Ke7 55. Bb2 Rc8 56. Bc3 Ra8 57. a4 Rb8 58. Re1+ Kd6 59. Rd1+ Kc7
60. Ra1 Ra8 61. a5 bxa5 62. Bxa5+ Kc8 63. Bc3 Rb8+ 64. Kc6 Rb6+ 65. Kd5 Rb3 66.
Be5 Nxe5 67. fxe5 Rb2 68. Kxc5 Rxh2 69. Rd1 g5 70. e6 Re2 71. Kd6 f4 72. gxf4
gxf4 73. Rf1 Rd2+ 74. Ke5 Re2+ 75. Kf6 Re4 76. e7 Kd7 77. Rd1+ Kc7 78. Kf7 h4
79. e8=Q Rxe8 80. Kxe8 h3 81. Rh1 Kd6 82. Rxh3 Kc5 83. Rf3 1-0

[Event "European Youth Chess Championship B14"]
[Site "Prague, Top Hotel Prague"]
[Date "2012.08.19"]
[Round "3.59"]
[White "Gavrilov, Mikhail"]
[Black "Svoboda, Filip"]
[Result "1-0"]
[WhiteElo "1857"]
[BlackElo "1706"]
[PlyCount "115"]
[EventDate "2012.08.17"]

1. e4 e6 2. d3 d5 3. Nd2 Nf6 4. Ngf3 b6 5. g3 Bb7 6. Qe2 Be7 7. e5 Nfd7 8. Bg2
c5 9. O-O Nc6 10. Re1 O-O 11. h4 Rc8 12. Nf1 h6 13. N1h2 Re8 14. Bh3 Qc7 15. c3
Ba6 16. Bf4 Nf8 17. h5 Red8 18. Qd2 Nh7 19. Ng4 Kh8 20. Red1 d4 21. c4 Bb7 22.
Qe2 Rg8 23. Kh2 Qd8 24. Nd2 Ng5 25. Bxg5 Bxg5 26. f4 Be7 27. Ne4 Qc7 28. Qf2
Rce8 29. a3 a5 30. Rf1 Bc8 31. Rae1 Rgf8 32. Qd2 Bd7 33. Kg1 Kh7 34. Re2 Kh8
35. Rfe1 Kh7 36. Nh2 Nd8 37. Ng4 Nc6 38. Ngf2 Nd8 39. Ng4 Nc6 40. Rf1 Nd8 41.
Rfe1 Nc6 42. Nh2 f5 43. exf6 gxf6 44. Nf2 f5 45. Nf3 Rg8 46. Kh2 Rg7 47. Ne5
Nxe5 48. Rxe5 Reg8 49. Bxf5+ exf5 50. Rxe7 Qd6 51. Qe2 Kh8 52. Rxg7 Rxg7 53.
Qe5 Qxe5 54. Rxe5 Bc6 55. Rxf5 Re7 56. Re5 Rxe5 57. fxe5 Kg7 58. g4 1-0

[Event "European Youth Chess Championship B14"]
[Site "Prague, Top Hotel Prague"]
[Date "2012.08.19"]
[Round "3.60"]
[White "Savenkov, Konstantin"]
[Black "Kula, Dominik"]
[Result "1-0"]
[WhiteElo "2162"]
[BlackElo "1794"]
[PlyCount "77"]
[EventDate "2012.08.17"]

1. e4 e6 2. d4 d5 3. Nc3 Nf6 4. e5 Nfd7 5. f4 c5 6. Nf3 Nc6 7. Be3 Be7 8. Qd2
a6 9. Ne2 O-O 10. Ng3 Qb6 11. c3 cxd4 12. Nxd4 Nxd4 13. Bxd4 Qc7 14. Bd3 f6 15.
exf6 Bxf6 16. O-O Nc5 17. Bc2 Bd7 18. Kh1 Rae8 19. Qe3 Bxd4 20. cxd4 Na4 21.
Rac1 Qd6 22. b3 Nb6 23. a4 Nc8 24. Bd3 Ne7 25. Qd2 Nf5 26. Nxf5 exf5 27. Rfe1
Qb6 28. Bc2 Re6 29. Rxe6 Bxe6 30. h3 Rc8 31. Re1 Kf7 32. Bd1 g6 33. Qf2 Qd8 34.
Bf3 Rc3 35. b4 Rc4 36. Re5 Rxb4 37. Rxe6 Rxa4 38. Re5 Ra5 39. Qb2 1-0

[Event "European Youth Chess Championship B14"]
[Site "Prague, Top Hotel Prague"]
[Date "2012.08.19"]
[Round "3.61"]
[White "Manfroi, Andrea"]
[Black "Mamedov, Elmin"]
[Result "1-0"]
[WhiteElo "1786"]
[BlackElo "2105"]
[PlyCount "123"]
[EventDate "2012.08.17"]

1. e4 c5 2. Nf3 Nc6 3. d4 cxd4 4. Nxd4 Nf6 5. Nc3 e5 6. Ndb5 d6 7. Bg5 a6 8.
Na3 b5 9. Bxf6 gxf6 10. Nd5 Bg7 11. c3 f5 12. Bd3 O-O 13. O-O f4 14. Nc2 Be6
15. Ncb4 Nxb4 16. Nxb4 Qd7 17. a4 bxa4 18. Qxa4 Qxa4 19. Rxa4 a5 20. Rfa1 Rfb8
21. Rxa5 Rxa5 22. Rxa5 Bf8 23. h3 f3 24. g4 h5 25. gxh5 Bxh3 26. Kh2 Bg2 27.
Bc4 Bh6 28. Ra7 Bc1 29. b3 Rf8 30. Nd5 Kg7 31. Ne7 Kh6 32. Nf5+ Kxh5 33. Rxf7
Rh8 34. Rg7 Bf4+ 35. Kg1 Bg5 36. Bf7+ Kg4 37. Ne3+ Kf4 38. Nxg2+ fxg2 39. Kxg2
Bh6 40. Rg6 Kxe4 41. Rxd6 Bg5 42. Bg6+ Kf4 43. Ra6 Bd8 44. Bf7 Be7 45. Rc6 Rd8
46. b4 Rd2 47. Rc4+ e4 48. Bg6 Bh4 49. Rxe4+ Kg5 50. Rxh4 Kxh4 51. Kf3 Kg5 52.
Be4 Rb2 53. Ke3 Rb3 54. Kd3 Kf4 55. f3 Ke5 56. Kc4 Rb2 57. Kc5 Ke6 58. Kc6 Ke7
59. Kc7 Rb3 60. Bc6 Ra3 61. b5 Ra7+ 62. Bb7 1-0

[Event "European Youth Chess Championship B14"]
[Site "Prague, Top Hotel Prague"]
[Date "2012.08.19"]
[Round "3.62"]
[White "Thorgeirsson, Jon Kristinn"]
[Black "O`Donnell, Conor"]
[Result "0-1"]
[WhiteElo "1747"]
[BlackElo "1955"]
[PlyCount "138"]
[EventDate "2012.08.17"]

1. e4 c5 2. Nf3 e6 3. d4 cxd4 4. Nxd4 a6 5. c3 d6 6. Be3 Nf6 7. Nd2 b6 8. Bd3
Bb7 9. O-O Nbd7 10. f4 Nc5 11. Qc2 Ng4 12. Bf2 Be7 13. b4 Nxd3 14. Qxd3 Nxf2
15. Rxf2 d5 16. e5 Qc7 17. Re1 g6 18. Nf1 Rc8 19. Rc2 Qd7 20. Ne3 Rc7 21. Ng4
Kd8 22. Ne3 h5 23. a3 b5 24. Rcc1 Bc6 25. Red1 Kc8 26. Nec2 Bd8 27. Na1 Ra7 28.
Nab3 Bb6 29. Kf1 Kb7 30. Na5+ Bxa5 31. bxa5 Qc7 32. Qe3 Rc8 33. Nb3 Bd7 34. Rd4
Ka8 35. Kf2 Qd8 36. g3 Rac7 37. h4 Qe7 38. Rb4 Rc4 39. Qb6 R8c6 40. Qe3 Rc8 41.
Qb6 R4c6 42. Qe3 Qd8 43. Ke2 Qc7 44. Kd2 Rc4 45. Rc2 Bc6 46. Rc1 Bb7 47. Rc2 d4
48. Nxd4 Qxa5 49. Rxc4 Rxc4 50. Nf3 Qxa3 51. Ng5 Qe7 52. Kd1 Bd5 53. Rd2 Qc7
54. Rd3 Kb7 55. Qd2 a5 56. Rxd5 exd5 57. Qxd5+ Kb6 58. Nxf7 Rxc3 59. Qd6+ Qxd6+
60. Nxd6 Rd3+ 61. Kc2 Rxd6 62. exd6 Kc6 63. Kc3 Kxd6 64. Kd4 Ke6 65. Ke4 a4 66.
f5+ gxf5+ 67. Kd4 b4 68. Kc4 a3 69. Kb3 Ke5 0-1

[Event "European Youth Chess Championship B14"]
[Site "Prague, Top Hotel Prague"]
[Date "2012.08.19"]
[Round "3.63"]
[White "Inan, Canberk"]
[Black "Miculka, David"]
[Result "0-1"]
[WhiteElo "1673"]
[BlackElo "1915"]
[PlyCount "156"]
[EventDate "2012.08.17"]

1. e4 c5 2. c3 d5 3. exd5 Qxd5 4. d4 Nc6 5. Nf3 e5 6. Nxe5 Nxe5 7. dxe5 Qxe5+
8. Be3 Bd7 9. Qb3 Bc6 10. Bb5 Qc7 11. Nd2 Nf6 12. Qa4 Rc8 13. Nf3 Bd6 14. O-O-O
a6 15. Bxc6+ Qxc6 16. Qxc6+ Rxc6 17. Rhe1 Be7 18. Bf4 Re6 19. Rxe6 fxe6 20. Re1
Nd5 21. Bg3 Kf7 22. Ne5+ Ke8 23. Rd1 Bf6 24. c4 Nb4 25. a3 Bxe5 26. Bxe5 Nc6
27. Bc7 Rf8 28. f3 Rf5 29. Kb1 h5 30. Re1 Kd7 31. Bg3 g5 32. h4 gxh4 33. Bxh4
Rf4 34. Re4 Rxe4 35. fxe4 Na5 36. Bf2 Nxc4 37. Bxc5 Nd2+ 38. Kc2 Nxe4 39. Be3
Kd6 40. Kd3 Kd5 41. b3 e5 42. a4 Nf6 43. b4 Ng4 44. Bb6 e4+ 45. Kc3 e3 46. Kd3
Ne5+ 47. Ke2 Nc4 48. Bd8 Ke4 49. Bg5 Kd4 50. Bf6+ Ke4 51. Bg5 Nb2 52. Bxe3 Nxa4
53. Bh6 Nc3+ 54. Kf2 Nd5 55. Bf8 h4 56. Kg1 Kf4 57. Kf2 Kg4 58. Bd6 Nf4 59. Bf8
b6 60. Bd6 a5 61. bxa5 bxa5 62. Bc7 a4 63. Bd6 Nd5 64. Ke2 Nc3+ 65. Kd3 Nb5 66.
Be5 Kf5 67. Bg7 a3 68. Kc4 Nc7 69. Kb3 Nd5 70. Kxa3 Ne3 71. Bd4 Nxg2 72. Bf2 h3
73. Bg3 Kg4 74. Bh2 Ne3 75. Bg1 Nf1 76. Kb3 Kf3 77. Kc2 Kg2 78. Bh2 Nxh2 0-1

[Event "European Youth Chess Championship B14"]
[Site "Prague, Top Hotel Prague"]
[Date "2012.08.19"]
[Round "3.64"]
[White "Kravec, Patrik"]
[Black "Darnell, Anton"]
[Result "1-0"]
[WhiteElo "1910"]
[BlackElo "1763"]
[PlyCount "69"]
[EventDate "2012.08.17"]

1. e4 c5 2. Nf3 e6 3. d4 cxd4 4. Nxd4 a6 5. c4 Nf6 6. Nc3 Qc7 7. a3 b6 8. Be3
Bb7 9. f3 d6 10. Be2 Nbd7 11. Rc1 Be7 12. O-O O-O 13. Qd2 Rac8 14. Rfd1 Rfd8
15. b3 Qb8 16. Qe1 d5 17. cxd5 exd5 18. Nxd5 Nxd5 19. exd5 Rxc1 20. Bxc1 Bc5
21. b4 Bxd4+ 22. Rxd4 Nf6 23. Bf4 Qc8 24. d6 Nh5 25. Bg5 Rd7 26. Bd3 g6 27. Be4
Qe8 28. Qc3 Bxe4 29. Rxe4 Qb8 30. Be7 Ng7 31. Qc6 Qb7 32. Qxb7 Rxb7 33. Rc4 Ne6
34. Bf6 h5 35. Rc8+ 1-0

[Event "European Youth Chess Championship B14"]
[Site "Prague, Top Hotel Prague"]
[Date "2012.08.19"]
[Round "3.65"]
[White "Chistiakov, Mihail"]
[Black "Spiridonov, Mikhail"]
[Result "1/2-1/2"]
[WhiteElo "1879"]
[BlackElo "1720"]
[PlyCount "81"]
[EventDate "2012.08.17"]

1. e4 d5 2. exd5 Nf6 3. Nc3 Nxd5 4. g3 c6 5. Bg2 g6 6. Nge2 Bg7 7. O-O O-O 8.
d4 Nb6 9. Ne4 N8d7 10. f4 Nf6 11. Nxf6+ Bxf6 12. c3 Be6 13. h3 Bd5 14. g4 Bxg2
15. Kxg2 Qd5+ 16. Kh2 Rad8 17. Qe1 c5 18. Qf2 cxd4 19. cxd4 Bxd4 20. Nxd4 Qxd4
21. Be3 Qd6 22. Rad1 Qc6 23. f5 Rxd1 24. Rxd1 Rc8 25. Qg2 Qxg2+ 26. Kxg2 Rc2+
27. Rd2 Rxd2+ 28. Bxd2 gxf5 29. gxf5 Nd5 30. a3 b5 31. Kf3 e6 32. fxe6 fxe6 33.
Ke4 Kf7 34. h4 h5 35. Ke5 Ke7 36. Bg5+ Kd7 37. Bd2 a6 38. Bg5 a5 39. Bd2 a4 40.
Bg5 b4 41. Bd2 1/2-1/2

[Event "European Youth Chess Championship B14"]
[Site "Prague, Top Hotel Prague"]
[Date "2012.08.19"]
[Round "3.66"]
[White "Ucles Lirola, Moises"]
[Black "Truksa, Vaclav"]
[Result "0-1"]
[WhiteElo "1857"]
[BlackElo "1673"]
[PlyCount "56"]
[EventDate "2012.08.17"]

1. Nf3 d6 2. d3 Nc6 3. g3 Nf6 4. Bg2 Bd7 5. e4 e5 6. c3 Be7 7. O-O Qc8 8. Ne1
h5 9. f4 exf4 10. Bxf4 h4 11. d4 hxg3 12. Bxg3 Nh5 13. Qf3 Bf6 14. Nd3 Nxg3 15.
hxg3 Bg4 16. Qe3 Bh3 17. Qf3 Bxg2 18. Qxg2 Qg4 19. Na3 Nxd4 20. cxd4 Bxd4+ 21.
Nf2 Rh3 22. Nb5 Rxg3 23. Nxd4 Rxg2+ 24. Kh1 Qg3 25. Nf3 O-O-O 26. Ng4 Rh8+ 27.
Nfh2 Rhxh2+ 28. Nxh2 Qxh2# 0-1

[Event "European Youth Chess Championship B14"]
[Site "Prague, Top Hotel Prague"]
[Date "2012.08.19"]
[Round "3.67"]
[White "Cavadas, Francisco"]
[Black "Tsoi, Leo Z"]
[Result "1/2-1/2"]
[WhiteElo "1649"]
[BlackElo "1849"]
[PlyCount "59"]
[EventDate "2012.08.17"]

1. e4 c5 2. Nf3 d6 3. d4 cxd4 4. Qxd4 a6 5. Nc3 Nc6 6. Qd1 Bg4 7. Be2 Nf6 8.
Be3 g6 9. h3 Bxf3 10. Bxf3 Rc8 11. O-O b5 12. Be2 Bg7 13. Bd3 O-O 14. Qd2 Ne5
15. Bh6 Nc4 16. Bxc4 Rxc4 17. Bxg7 Kxg7 18. f3 Qc7 19. Rac1 Rc8 20. Rf2 Qc5 21.
Nd1 d5 22. exd5 Nxd5 23. c3 e6 24. b3 Rh4 25. Qg5 Rh5 26. Qd2 Nb4 27. Rb1 Nd5
28. Rc1 Nb4 29. Rb1 Nd5 30. Rc1 1/2-1/2